000 00380nam a22001457a 4500
999 _c193505
_d193505
008 221101b ||||| |||| 00| 0 eng d
082 _a920-TAN
100 _aTANDAN(P.D)
245 _aTHE WOMEN WHO INSPIRED ME
_hENGLISH
260 _aNEW DELHI
_bA.I.C.B
_cROHINI
270 _aA.I.C.B,ROHINI NEW DELHI
300 _a.
_b.
_c12X13
490 _v1
942 _2ddc
_cBRLEN
_k920
_mTAN